000 00655nab a2200193 4500
001 244442
003 OSt
005 20241121102724.0
007 tu
008 200917s2020|||||||
040 _aDE-2950
_cDE-2950
245 0 0 _aFahrkarten kosten bald mehr
_bNahverkehr. Wie der VBB und die Stadtverkehrsgesellschaft mitteilen, steigen ab Januar 2025 auch in Frankfurt die Ticketpreise für Straßenbahn und Bus spürbar/
_cSelim Pekel
264 _c2024
653 _aFrankfurt (Oder)
653 _aNahverkehr
653 _aPreiserhöhung
773 0 _g35. Jahrgang (2024) Nr. 268 vom 16.11.2024, S. 17 mit Foto
_tMärkische Oderzeitung
942 _2z
_cA
999 _c373474
_d373474